[Event "Noventa Padovana GP 5th"]
[Site "Noventa Padovana"]
[Date "2019.10.27"]
[Round "2"]
[White "Renier, Renzo"]
[Black "Dessi, Luca"]
[Result "1-0"]
[WhiteElo "1894"]
[BlackElo "1458"]
[PlyCount "75"]
[EventDate "2019.10.27"]
[EventType "swiss"]
[EventRounds "5"]
[EventCountry "ITA"]
[SourceTitle "EXT 2024"]
[Source "ChessBase"]
[SourceDate "2023.10.10"]
[SourceVersion "1"]
[SourceVersionDate "2023.10.10"]
[SourceQuality "1"]

1. e4 e5 2. Nf3 Nc6 3. Bb5 a6 4. Ba4 Nf6 5. 0-0 d6 6. Bxc6+ bxc6 7. d4 Bg4 8. dxe5 Bxf3 9. Qxf3 dxe5 10. Bg5 Be7 11. Nd2 h6 12. Bxf6 Bxf6 13. Nc4 Qd4 14. b3 0-0 15. Rad1 Qc5 16. Rd7 Rac8 17. Rfd1 Rfd8 18. Qf5 Qe7 19. g3 Rxd7 20. Qxd7 Re8 21. Qxc6 Rd8 22. Rxd8+ Qxd8 23. Ne3 Bg5 24. Nd5 Qc8 25. h4 Bxh4 26. Qxc7 Qxc7 27. Nxc7 Bd8 28. Nxa6 Bb6 29. c4 Kf8 30. c5 Bd8 31. c6 Ke7 32. c7 Bxc7 33. Nxc7 Kd6 34. Nd5 Kc5 35. a4 f5 36. b4+ Kc6 37. Ne7+ Kd6 38. Nxf5+ 1-0